000 00496nab a2200145Ia 4500
003 ES-SlBCS
005 20210601150105.0
008 140529s2006 xxu||||| |||| 00| 0 spa d
041 _aspa
100 1 _aGómez Iglesias, Carlos
_982272
245 0 0 _aCriterios y técnicas para evaluar la madurez psicológica del seminarista
_c Carlos Gómez Iglesias
650 0 4 _aSeminarista-Madurez Psicológica
_9319263
773 0 _tSeminarios
_gvol. 52, nº. 181, 2006, págs. 301-336
_wRev1557
942 _cAR
999 _c735225
_d735225